| 000 | 00674nam a22002057a 4500 | ||
|---|---|---|---|
| 003 | NUST-PNEC | ||
| 005 | 20170116180707.0 | ||
| 008 | 140927b xxu||||| |||| 00| 0 eng d | ||
| 020 | _a0749400684 | ||
| 040 | _cPNEC | ||
| 082 | _a621.38'195 HEA | ||
| 100 |
_9376 _aHearnden, Keith |
||
| 245 |
_aA Handbook of Computer security _cKeith Hearnden |
||
| 250 | _aRevised Edition | ||
| 260 |
_aLondon _bKogan Page _cc1990. |
||
| 300 |
_a218 p. : _bill. : _c23 cm. |
||
| 500 | _aIncludes Index http://www.amazon.com/Handbook-Computer-Security-Keith-Hearnden/dp/0749400684/ref=sr_1_1?s=books&ie=UTF8&qid=1411796729&sr=1-1&keywords=0749400684 | ||
| 650 | _xMIS | ||
| 942 |
_2ddc _cBK |
||
| 999 |
_c60763 _d60763 |
||